000
00305nam a2200133Ia 4500
005
20251222155204.0
008
251222s9999||||xx |||||||||||||| ||spa||
082
_a
LEN. 02.1
100
_a
LLORENS, M.F.
245
0
_a
Técnicas de Comunicación 1
250
_a
1ra. ed.
264
_b
Anaya
942
_c
LIB
999
_c
40053
_d
40053